| 000 | 01010cam a2200277 4500 | ||
|---|---|---|---|
| 008 | 090401t1995 xxu||||| |||| 00| 0 eng d | ||
| 020 | _a0717608077 | ||
| 035 | _a(Sirsi) u53049 | ||
| 041 | _aeng | ||
| 050 | _a344.410465 | ||
| 110 |
_aGreat Britain _bHealth and Safety Commission |
||
| 245 | _aDesigning for health and safety in construction: a guide for designers on the Construction (Design and Management) Regulations 1994. | ||
| 260 |
_aSudbury, Suffolk _bHealth and Safety Executive _c1995 |
||
| 300 | _aiv,56p. ; 30cm. | ||
| 350 | _a7.95 | ||
| 650 | _aBUILT ENVIRONMENT-CONSTRUCTION DESIGN | ||
| 650 | _aCONSTRUCTION (DESIGN AND MANAGEMENT) REGULATIONS 1994 | ||
| 650 | _aCONDAM REGULATIONS | ||
| 650 | _aCONSTRUCTION (DESIGN AND MANAGEMENT) REGULATIONS 1994 | ||
| 650 | _aCONSTRUCTION INDUSTRY | ||
| 650 |
_aHEALTH AND SAFETY _96244 |
||
| 690 | _aBUILT ENVIRONMENT-BUILDING STANDARDS | ||
| 710 |
_aConstruction Industry Advisory Committee _9973 |
||
| 942 | _n0 | ||
| 948 | _c04/03/1997 | ||
| 999 |
_c93214 _d93214 |
||